| 000 | 00534nam a22001697a 4500 | ||
|---|---|---|---|
| 005 | 20260216035752.0 | ||
| 008 | 260216b |||||||| |||| 00| 0 eng d | ||
| 020 | _a9814119156 | ||
| 040 | _cjhcsc | ||
| 082 |
_25 _a005.43 |
||
| 100 |
_910151 _aWilliam S. Davis | T. M. Rajkumar _eAuthor |
||
| 245 |
_aOperating Systems _bA Systematic View _cWilliam S. Davis | T. M. Rajkumar |
||
| 250 | _aFifth Edition | ||
| 260 |
_aSingapore _bPearson Education Asia Pte Ltd. _cc2001 |
||
| 300 |
_axxxi,605 pages. _billustrations |
||
| 942 |
_2ddc _cBOOK |
||
| 999 |
_c11340 _d11340 |
||